Uplatnenie reportingového nástroja v procese spracovávania, riadenia a kontrolovania výrobných údajov v priemyselnom podniku

Enregistré dans:
Détails bibliographiques
Auteur principal: Hološ, Peter (Auteur)
Autres auteurs: Mĺkva, Miroslava (Directeur de thèse)
Format: Manuscrit Livre
Langue:slovaque
Publié: 2017
Sujets:
Accès en ligne:http://is.stuba.sk/zp/portal_zp.pl?podrobnosti=128109
Tags: Ajouter un tag
Pas de tags, Soyez le premier à ajouter un tag!

MARC

LEADER 00000ntm a22000003a 4500
001 stuzp60538
003 SK-STU
005 20170603210246.5
007 ta
008 150427s2015----xo-----f-mn---000-0-slo-d
040 |a STU  |b slo 
041 0 |a slo 
100 1 |a Hološ, Peter  |u 064000  |k Z4  |4 aut  |U MTF Materiálovotechnologická fakulta  |T MTF Ústav priemyselného inžinierstva a manažmentu  |X 62341  |U M4000  |Y 84  |7 62341 
242 0 1 |a Application of the reporting tool in the process of processing, management and control of production data in an industrial enterprise  |y eng 
245 1 0 |a Uplatnenie reportingového nástroja v procese spracovávania, riadenia a kontrolovania výrobných údajov v priemyselnom podniku 
260 |c 2017 
650 4 |a reportingový nástroj  |2 slo 
650 4 |a vizualizácia  |2 slo 
650 4 |a kontrola  |2 slo 
650 4 |a údaje  |2 slo 
650 4 |a datábza  |2 slo 
650 4 |a informačný manažment  |2 slo 
650 4 |a spracovanie  |2 slo 
650 4 |a monitoring  |2 slo 
650 4 |a riadenie  |2 slo 
650 4 |a database  |2 eng 
650 4 |a reporting tool  |2 eng 
650 4 |a data  |2 eng 
650 4 |a information management  |2 eng 
650 4 |a processing  |2 eng 
650 4 |a monitoring  |2 eng 
650 4 |a management  |2 eng 
650 4 |a control  |2 eng 
650 4 |a visualisation  |2 eng 
700 1 |a Mĺkva, Miroslava  |u 064000  |k Z1  |4 ths  |U MTF Materiálovotechnologická fakulta  |T MTF Ústav priemyselného inžinierstva a manažmentu  |X 4176  |U M4000  |Y 84  |7 A000004176 
856 4 |u http://is.stuba.sk/zp/portal_zp.pl?podrobnosti=128109 
996 |c M* DP-13218  |l MMSKP  |s P  |a 0  |w stuzp60538_0001